| 000 | 01032cam a2200241 4500 | ||
|---|---|---|---|
| 001 | ABS68342 | ||
| 008 | 041008n2004 000 0 eng u | ||
| 035 | _a(Sirsi) u127658 | ||
| 100 | _aWithycombe, D. | ||
| 245 | _aRoadside habits | ||
| 260 | _c2004 | ||
| 490 |
_aGreen Places _v(09) October 2004, 28-32(5) |
||
| 520 | _aIncreasingly roadside verges are being recognised as valuable natural habitats. The Highways Agency Biodiversity Plan notes that many habitat types and species are likely to be found in verges. "Roadside habitats" looks at the Road Verge Habitat Plan, in particular the approach in Surrey. In "On the verge", representatives from three counties outline their progress in setting up local projects for protecting the wildlife habitats found in verges. | ||
| 590 | _aABS | ||
| 590 | _aABS | ||
| 650 | _aROADSIDE VERGES | ||
| 650 | _aNATURAL HABITATS | ||
| 650 | _aBIODIVERSITY | ||
| 650 | _aSUSTAINABLE DEVELOPMENT | ||
| 650 | _aLANDSCAPING | ||
| 690 | _aENVIRONMENT-MANAGEMENT | ||
| 942 | _n0 | ||
| 999 |
_c118136 _d118136 |
||